00691nam a2200205 a 450000100060000000300080000600500170001400800410003103500190007204000340009104100080012508200280013310000260016124501090018726000600029630000260035650400310038265000140041365100580042742386BD-RjUL20211209053532.0160612t19671937nyu b 000 0 eng  a(BD-RjUL)42504 aDLCcDLCdDLCd(BD-RjUL)beng aeng00a328.36809747bZEP 1967 1 aZeller, Belle,d1903.10aPressure politics in New York :ba study of group representation before the legislature / cBelle Zeller aNew York :bRussell & Russell, c c1937 [Reissued 1967] aix, 310 p. ; c23 cm. aBibliographical footnotes. 0aLobbying. 0aNew York (State)xPolitics and governmenty1865-1950.